|
|
|
|
| LEADER |
00000nam0a2200000 4500 |
| 001 |
343375 |
| 005 |
20231102005542.0 |
| 010 |
|
|
|a 9785905450785
|
| 035 |
|
|
|a (RuTPU)RU\TPU\book\373537
|
| 090 |
|
|
|a 343375
|
| 100 |
|
|
|a 20190906d2015 km y0rusy50 ca
|
| 101 |
0 |
|
|a rus
|
| 102 |
|
|
|a RU
|
| 105 |
|
|
|a a l 000zy
|
| 200 |
1 |
|
|a Требования по электробезопасности в угольных шахтах
|e [сборник нормативных документов]
|f Сибирская угольная энергетическая компания
|
| 210 |
|
|
|a Москва
|c Горное дело
|d 2015
|
| 215 |
|
|
|a 188 с.
|c ил.
|
| 225 |
1 |
|
|a Библиотека горного инженера
|v Т. 6 : Промышленная безопасность. Кн. 12
|
| 330 |
|
|
|a В сборник включены нормативно-методические документы по электроснабжению, выбору и проверке электрических аппаратов, кабелей и устройств релейной зашиты, по осмотру, ревизии и применению различного электрооборудования, а также нормы безопасности на электроустановки и требования к изготовлению и безопасной эксплуатации электрооборудования на предприятиях по добыче и переработке угля.
|
| 606 |
1 |
|
|a Угольные шахты
|x Электрооборудование
|x Эксплуатация
|x Техника безопасности
|2 stltpush
|3 (RuTPU)RU\TPU\subj\62921
|9 79976
|
| 610 |
1 |
|
|a электроснабжение
|
| 610 |
1 |
|
|a электрические аппараты
|
| 610 |
1 |
|
|a электрические кабели
|
| 610 |
1 |
|
|a взрывобезопасность
|
| 610 |
1 |
|
|a токовая защита
|
| 610 |
1 |
|
|a релейная защита
|
| 610 |
1 |
|
|a заземление
|
| 610 |
1 |
|
|a электроустановки
|
| 610 |
1 |
|
|a электробезопасность
|
| 610 |
1 |
|
|a инструкции
|
| 610 |
1 |
|
|a нормы
|
| 610 |
1 |
|
|a требования
|
| 675 |
|
|
|a 622.333.012.2:658.26
|v 4
|
| 712 |
0 |
2 |
|a Сибирская угольная энергетическая компания
|c (Москва)
|2 stltpush
|3 (RuTPU)RU\TPU\col\26377
|9 28570
|
| 801 |
|
1 |
|a RU
|b 63413507
|c 20190906
|
| 801 |
|
2 |
|a RU
|b 63413507
|c 20191029
|g RCR
|
| 942 |
|
|
|c BK
|